000 00852nam a22002057a 4500
005 20240530110527.0
008 150617s2010 ua adkof 000 0 ara d
040 _aEG-CaGPL
082 0 4 _221
_a621.3916\
_bم ب
100 0 _aمحمد جاسم
245 1 0 _aبرمجة المتحكمات الميكروية باستخدام Mikro C8.2 /
_cاعداد محمد جاسم
250 _aط1
260 _aالقاهرة :
_bدار الكتب العلمية للنشر و التوزيع ،
_c2010 .
300 _a512 ص :
_bايض ؛
_c24 سم .
650 0 4 _aالهندسة الالكترونية
650 0 4 _aالاجهزة الالكترونية
650 0 4 _aالهندسة الالكترونية
_xبرمجة المتحكمات الميكروية باستخدام Mikro C8.2
942 _2ddc
_cBK
999 _c62006
_d62006